| 000 | nam a22 c 4500 | ||
|---|---|---|---|
| 999 |
_c362976 _d362976 |
||
| 003 | BLK | ||
| 005 | 20200519173409.0 | ||
| 008 | 200519b bu ||||| |||| 00| 0 bu d | ||
| 010 | _aKNG00172795000 | ||
| 040 | _aBLK | ||
| 041 |
_aBUL _cBUL |
||
| 080 |
_aПланиране на населени места _b711.4 _x(497.2)(035) _z711.4(497.2)(035) |
||
| 100 | 1 |
_aСокеров, Любомир Петков _eпърви автор _9121911 |
|
| 139 |
_aСокеров, Любомир Петков и др. _bС 50 |
||
| 245 | 1 | 0 |
_aТериториалноустройствено планиране и селищно изграждане _bРъководство _cЛюбомир Петков Сокеров; съавт. Евлоги Стоичков Пенев; съавт. Петър Димитров Константинов |
| 250 | _a2. допълн. и разш. изд. | ||
| 257 | _aBGR | ||
| 260 |
_bТехника _c1967 _aСофия _fСофия : Г. Димитров |
||
| 300 |
_a463 с., 1 л. _bсъс сх., черт. _c24 см |
||
| 380 | _a7 | ||
| 500 | _aБиблиогр. с. 446 - 450 и под линия. - 5 606 тир. - Сп-к съкр. с. 452-453 | ||
| 650 | 4 |
_aПланиране на населени места _9275380 |
|
| 653 | 7 |
_aтериториално планиране _9198241 |
|
| 653 | 7 |
_aселищно устройство _9196399 |
|
| 700 |
_aПенев, Евлоги Стоичков _eсъавт. _9411251 |
||
| 700 | 1 |
_aКонстантинов, Петър Димитров _eсъавт. _982065 |
|
| 852 |
_aЦб 137717 _bЦб |
||
| 942 |
_cKNG _n0 _s1 |
||
| 944 |
_aCR _c2020-05-19 _kС.Т. |
||
| 999 | _d362976 | ||